সুচয়নী / (Record no. 48459)
[ view plain ]
| 000 -LEADER | |
|---|---|
| fixed length control field | 00732nam a2200229 a 4500 |
| 001 - CONTROL NUMBER | |
| control field | 48459 |
| 003 - CONTROL NUMBER IDENTIFIER | |
| rucl marc code | BD-RjUL |
| 005 - DATE AND TIME OF LATEST TRANSACTION | |
| control field | 20211209054528.0 |
| 008 - FIXED-LENGTH DATA ELEMENTS--GENERAL INFORMATION | |
| fixed length control field | 160814s1961 BG ||||| |||| 00| 0 ben d |
| 020 ## - INTERNATIONAL STANDARD BOOK NUMBER | |
| Terms of availability | :TK. 5.00 |
| 035 ## - SYSTEM CONTROL NUMBER | |
| System control number | (BD-RjUL)48578 |
| 040 ## - CATALOGING SOURCE | |
| Original cataloging agency | BD-RjUL |
| Language of cataloging | ben |
| Transcribing agency | BD-RjUL |
| 041 ## - LANGUAGE CODE | |
| Language code of text/sound track or separate title | ben |
| 082 ## - DEWEY DECIMAL CLASSIFICATION NUMBER | |
| Edition number | 23 |
| Classification number | 891.441 |
| Author mark and year | JOS 1961 |
| 100 1# - MAIN ENTRY--PERSONAL NAME | |
| Personal name | জসীম উদদীন |
| 9 (RLIN) | 146439 |
| 245 10 - TITLE STATEMENT | |
| Title | সুচয়নী / |
| Statement of responsibility, etc. | জসীম উদদীন |
| 260 ## - PUBLICATION, DISTRIBUTION, ETC. (IMPRINT) | |
| Place of publication, distribution, etc. | ঢাকা : |
| Name of publisher, distributor, etc. | কামাল আনোয়ার, |
| Date of publication, distribution, etc. | ১৯৬১ |
| 300 ## - PHYSICAL DESCRIPTION | |
| Pagination | ২৮৪, [০৮] পৃ ; |
| Size | ২১ সেমি. |
| 650 ## - SUBJECT ADDED ENTRY--TOPICAL TERM | |
| Topical term or geographic name as entry element | বাংলা |
| Form subdivision | কবিতা |
| 9 (RLIN) | 146440 |
| Topical term or geographic name as entry element | Bengali |
| Form subdivision | Poetry |
| 9 (RLIN) | 146441 |
| 942 ## - ADDED ENTRY ELEMENTS (KOHA) | |
| Source of classification or shelving scheme | Dewey Decimal Classification |
| Koha item type | Books |
| Lost status | Source of classification or shelving scheme | Damaged status | Not for loan | Collection code | Permanent Location | Current Location | Shelving location | Date acquired | Source of acquisition | Cost, normal purchase price | Total Checkouts | Full call number | Date last seen | Copy number | Koha item type |
|---|---|---|---|---|---|---|---|---|---|---|---|---|---|---|---|
| Dewey Decimal Classification | Non-fiction | Central Library, University of Rajshahi | Central Library, University of Rajshahi | 04/11/1968 | Nawroge | 5.00 | B 891.441 JOS 1961 | 14/08/2016 | C-2 | Books | |||||
| Dewey Decimal Classification | Non-fiction | Central Library, University of Rajshahi | Central Library, University of Rajshahi | 04/11/1968 | Nawroge | 5.00 | B 891.441 JOS 1961 | 14/08/2016 | C-3 | Books | |||||
| Dewey Decimal Classification | Non-fiction | Central Library, University of Rajshahi | Central Library, University of Rajshahi | 04/11/1968 | Nawroge | 5.00 | B 891.441 JOS 1961 | 14/08/2016 | C-4 | Books | |||||
| Dewey Decimal Classification | Non-fiction | Central Library, University of Rajshahi | Central Library, University of Rajshahi | 04/11/1968 | Nawroge | 5.00 | B 891.441 JOS 1961 | 14/08/2016 | C-5 | Books | |||||
| Dewey Decimal Classification | Non-fiction | Central Library, University of Rajshahi | Central Library, University of Rajshahi | 04/11/1968 | Nawroge | 5.00 | B 891.441 JOS 1961 | 14/08/2016 | C-6 | Books | |||||
| Dewey Decimal Classification | Non-fiction | Central Library, University of Rajshahi | Central Library, University of Rajshahi | 04/11/1968 | Nawroge | 5.00 | B 891.441 JOS 1961 | 14/08/2016 | C-7 | Books | |||||
| Dewey Decimal Classification | Non-fiction | Central Library, University of Rajshahi | Central Library, University of Rajshahi | 10/09/1966 | Asimullah Library | 5.00 | B 891.441 JOS 1961 | 06/11/2016 | C-8 | Books | |||||
| Dewey Decimal Classification | Not For Loan | Non-fiction | Central Library, University of Rajshahi | Central Library, University of Rajshahi | Reading Room | 15/12/1966 | N/A | 5.00 | B 891.441 JOS 1961 | 13/02/2017 | C-1 | Books | |||
| Dewey Decimal Classification | Non-fiction | Central Library, University of Rajshahi | Central Library, University of Rajshahi | 20/08/1962 | 5.00 | B 891.441 JOS 1961 | 28/03/2021 | C-9 | Books |